1499 1584 1777 1250 1070 1913 1355 1776 1095 1260 1834 1864 1621 1032 1785 1141 1202 1051 1606 1286 1120 1883 1342 1202 1273 1763 1099 1619 1976 1679 1213 1043 1544 1394 1397 1828 1880 1994 1369 1660 1659 1749 1048 1479 1018 1784 1979 1647 1923 1674 1722 1837 1210 1823 1026 1221 1905 1444 1336 1977 1082 1587 1588 1583 1275 1831 1757 1598 1498 1547 1904 1210 1737 1762 1579 1428 1499 1722 1249 1598 1561 1521 1096 1285 1540 1120 1601 1253 1986 1411 1753 1225 1855 1339 1251 1627 1366 1129 1266 BCNSPRNW ULIB Ver.6.0+V

เปลี่ยนเป็นภาษาไทย

Change to English
 แสดงรายละเอียดบรรณานุกรม
  กลับหน้าหลัก

Brief Record : Get Marc (ISO 2709) : E-mail record : QR code < ปิดหน้าต่าง
LEADER : 00000nam 2200000uu 4500
001    13399108562
003     ULIB
008    110301s2543||||th 000 0 tha d
020    9742440077
060 04 QV55^bค466ค 2543
110 2  สำนักงานคณะกรรมการอาหารและยา. ^bกองวิชาการ
245 10 คู่มือผลิตภัณฑ์ยาจากสมุนไพรเพื่อเศรษฐกิจชุมชน /^cกองวิชาการ สำนักงานคณะกรรมการอาหารและยา
250    พิมพ์ครั้งที่ 1
260    กรุงเทพฯ :^bโรงพิมพ์องค์การสงเคราะห์ทหารผ่านศึก,^c2543
300    288 หน้า :^bภาพประกอบสี ;^c30 ซม.
650  2 Medicine, Herbal
650  2 Herbs
650  7 ยาสมุนไพร^zไทย^xการควบคุมการผลิต
650  7 ยาแผนโบราณ^xคู่มือ
650  7 ยาแผนโบราณ^xการควบคุมการผลิต
650  7 สมุนไพร^xการใช้รักษา
650  7 พระราชบัญญัติคุ้มครองและส่งเสริมภูมิปัญญาการแพทย์แผนไทย พ.ศ. 2542
945    ^p0^l0^i013035
995    ทศพร
999 ^a ใช้งานได้ทุกระบบ
รายการนี้ยังไม่มีแท็ก
คุณยังไม่ได้ล็อกอิน คุณสามารถมีกิจกรรมร่วมกับเว็บไซต์ได้ แต่ต้องล็อกอินก่อน ::
  ล็อกอิน

รายการสื่อสารสนเทศ

ลำดับที่ ประเภท เลขเรียก/บาร์โค้ด สถานที่ สถานะ
- ไม่พบข้อมูล -

รายการใกล้เคียง
    หัวเรื่อง [Herbs]

BibComment


ยังไม่เคยถูกคอมเมนท์

คอมเมนท์ทรัพยากรรายการนี้
  คอมเมนท์: คู่มือผลิตภัณฑ์ยา..


 Copyright 2026. Bcnsprnw @Library